000 00694nam a2200253Ia 4500
003 OSt
005 20220918201300.0
006 a|||||r|||| 00| 0
007 ta
008 220917b |||||||| |||| 00| 0 eng d
024 _a92,855
037 _cTextual
040 _aARTS
_cARTS
_beng
041 _2eng
_aeng
082 _aV1:19,(X).N7, M6
100 _aDewar Davied
_997905
245 0 _aRegional development and settlement policy
_b premises and prospects
260 _aLondon
_bAllen and Unwin
_c1986
300 _ax,175p.
_ccm.
500 _aBib 162-72p
650 _aHISTORY
942 _hV1:19,(X).N7, M6
_cTEXL
_2CC
999 _c216506
_d216506